000 00768nam a22002537a 4500
003 UA-OsUOA
001 72913
007 ta
008 20110202b un ||||| |||| 00| 0 ukr d
100 _aГолубева Л. А.
700 _aЧерноков А. Э.
090 _a321.01(075.8)
_bГ62
942 _cBK
040 _aUA-OsUOA
_brus
_cUA-OsUOA
_dUA-OsUOA
245 _aСравнительное государствоведение
_bучебник
300 _a557 с.
955 _a2
041 _arus
080 _a321.01(075.8)
020 _a978-5-7320-1096
260 _aСПб
_bЗнание
_c2009
650 7 _a321 Форми політичних організацій. Держави як політичні влади
_2UDC
999 _c359196
_d359196